[Event "Ostersund Jamt Cup"]
[Site "Ostersund"]
[Date "2018.12.27"]
[Round "2"]
[White "Fetterplace, Cameron"]
[Black "Andersson, Sven Olof"]
[Result "1-0"]
[WhiteElo "1491"]
[BlackElo "1956"]
[PlyCount "111"]
[EventDate "2018.12.27"]
[EventType "swiss"]
[EventRounds "7"]
[EventCountry "SWE"]
[SourceTitle "CBM 188 Extra"]
[Source "ChessBase"]
[SourceDate "2019.02.26"]
[SourceVersion "1"]
[SourceVersionDate "2019.02.26"]
[SourceQuality "1"]

1. e4 c5 2. Bc4 e6 3. Nc3 a6 4. a4 Nc6 5. Nf3 g6 6. d3 Bg7 7. 0-0 Nge7 8. Re1 0-0 9. Be3 b6 10. Qd2 d5 11. exd5 exd5 12. Bb3 d4 13. Bg5 dxc3 14. bxc3 Qd7 15. d4 Nf5 16. d5 Na5 17. Ba2 c4 18. Ne5 Bxe5 19. Rxe5 f6 20. Bxf6 Rxf6 21. Rae1 Bb7 22. Qg5 Kg7 23. g4 h6 24. Qf4 Kf8 25. gxf5 Rxf5 26. Qxh6+ Qg7 27. Re8+ Rxe8 28. Rxe8+ Kxe8 29. Qxg7 Rg5+ 30. Kf1 Bxd5 31. Qd4 Bg2+ 32. Ke1 Rd5 33. Qxb6 Bf3 34. Qe6+ Kd8 35. Qf6+ Kd7 36. Qxf3 Kd6 37. Qf4+ Kc5 38. Qf8+ Kc6 39. Qf6+ Kc5 40. Qxg6 Re5+ 41. Kf1 Rd5 42. h4 Rd1+ 43. Ke2 Ra1 44. Qf5+ Kb6 45. Qe6+ Kc5 46. Qc8+ Nc6 47. Bxc4 Rxa4 48. Bxa6 Re4+ 49. Kf3 Re7 50. h5 Kd6 51. h6 Ne5+ 52. Kg2 Rc7 53. Qf8+ Ke6 54. Qg8+ Kf6 55. h7 Rg7+ 56. Kf1 1-0

[Event "Ostersund Jamt Cup"]
[Site "Ostersund"]
[Date "2018.12.27"]
[Round "6"]
[White "Oberg, Bengt"]
[Black "Fetterplace, Cameron"]
[Result "1/2-1/2"]
[WhiteElo "1659"]
[BlackElo "1491"]
[PlyCount "106"]
[EventDate "2018.12.27"]
[EventType "swiss"]
[EventRounds "7"]
[EventCountry "SWE"]
[SourceTitle "CBM 188 Extra"]
[Source "ChessBase"]
[SourceDate "2019.02.26"]
[SourceVersion "1"]
[SourceVersionDate "2019.02.26"]
[SourceQuality "1"]

1. c4 e5 2. Nc3 Bc5 3. Qc2 Bxf2+ 4. Kxf2 Qh4+ 5. g3 Qxc4 6. e3 Qe6 7. Bg2 Ne7 8. b3 0-0 9. e4 f5 10. Ke2 f4 11. Nd5 Nxd5 12. exd5 Qa6+ 13. d3 d6 14. Qc4 Qb6 15. Nf3 c6 16. dxc6+ Kh8 17. cxb7 Bxb7 18. a4 Nc6 19. Bd2 a5 20. Rhb1 Rac8 21. Qb5 Qa7 22. Rc1 fxg3 23. hxg3 e4 24. dxe4 Ba6 25. Be3 Bxb5+ 26. axb5 Qe7 27. bxc6 Qxe4 28. Rc4 Qe6 29. Rxa5 d5 30. Rcc5 Rxc6 31. Rxc6 Qxc6 32. Nd4 Qg6 33. Bxd5 Qxg3 34. b4 h5 35. b5 h4 36. b6 h3 37. b7 Qc7 38. Ra8 Rb8 39. Rxb8+ Qxb8 40. Kf3 Kh7 41. Bf4 Qd8 42. b8Q Qxd5+ 43. Kg4 Qxd4 44. Qb1+ Kg8 45. Qb3+ Kh7 46. Qxh3+ Kg8 47. Qf3 Qd7+ 48. Kg3 Qf5 49. Qa8+ Kh7 50. Qf3 Qg6+ 51. Qg4 Qd3+ 52. Qf3 Qg6+ 53. Qg4 Qd3+ 1/2-1/2

[Event "Ostersund Hurtigfeiden op"]
[Site "Ostersund"]
[Date "2018.08.26"]
[Round "7"]
[White "Oberg, Bengt"]
[Black "Fetterplace, Cameron"]
[Result "1-0"]
[WhiteElo "1684"]
[BlackElo "1501"]
[PlyCount "129"]
[EventDate "2018.08.26"]
[EventType "swiss"]
[EventRounds "7"]
[EventCountry "SWE"]
[SourceTitle "CBM 186 Extra"]
[Source "ChessBase"]
[SourceDate "2018.08.24"]
[SourceVersion "1"]
[SourceVersionDate "2018.08.24"]
[SourceQuality "1"]

1. c4 e5 2. Nc3 Nf6 3. Qc2 Bc5 4. e3 Nc6 5. a3 d5 6. b4 Be7 7. cxd5 Nxd5 8. Bb2 0-0 9. Bd3 Nf6 10. f3 Be6 11. Nge2 Qd7 12. Ne4 Rad8 13. Nxf6+ Bxf6 14. Bxh7+ Kh8 15. Be4 Bd5 16. Bf5 Be6 17. Ng3 Bh4 18. Bxe6 Qxe6 19. 0-0-0 g6 20. Ne4 a5 21. Nc5 Qd5 22. g3 Bf6 23. e4 Nxb4 24. exd5 Nxc2 25. Kxc2 b6 26. Ne4 Kg7 27. Nxf6 Kxf6 28. f4 Rxd5 29. fxe5+ Ke6 30. Rhf1 Rc5+ 31. Bc3 b5 32. Rf6+ Ke7 33. Kb3 Rd5 34. d4 a4+ 35. Kb2 Rh8 36. Bb4+ Ke8 37. Rd2 Rh5 38. Rc6 Kd7 39. Rf2 Kxc6 40. Rf6+ Kb7 41. Rxf7 Rxh2+ 42. Kc3 Rg2 43. Rf3 g5 44. e6 g4 45. Re3 Rd8 46. e7 Re8 47. d5 Rf2 48. d6 cxd6 49. Bxd6 Rf3 50. Kd4 Rxe3 51. Kxe3 Kc6 52. Bb4 Kd5 53. Kf4 Rg8 54. Kf5 Kd4 55. Kf6 Ke3 56. Kf7 Rc8 57. e8Q+ Rxe8 58. Kxe8 Kf3 59. Bd6 Ke4 60. Kd7 Kd5 61. Kc7 Kc4 62. Kb6 Kd5 63. Bb4 Kc4 64. Ka5 Kb3 65. Kxb5 1-0

[Event "Ostersund Hurtigfeiden op"]
[Site "Ostersund"]
[Date "2018.08.26"]
[Round "5"]
[White "Sahlin, Axel"]
[Black "Fetterplace, Cameron"]
[Result "1/2-1/2"]
[WhiteElo "1504"]
[BlackElo "1501"]
[PlyCount "122"]
[EventDate "2018.08.26"]
[EventType "swiss"]
[EventRounds "7"]
[EventCountry "SWE"]
[SourceTitle "CBM 186 Extra"]
[Source "ChessBase"]
[SourceDate "2018.08.24"]
[SourceVersion "1"]
[SourceVersionDate "2018.08.24"]
[SourceQuality "1"]

1. e4 e5 2. Nf3 Nc6 3. Bb5 Qf6 4. 0-0 a6 5. Ba4 Bc5 6. c3 Nge7 7. Bxc6 bxc6 8. d4 exd4 9. cxd4 Bb6 10. Bg5 Qe6 11. Nc3 0-0 12. d5 cxd5 13. Bxe7 Qxe7 14. Qxd5 c6 15. Qh5 f6 16. Rae1 d6 17. Nd2 Be6 18. Kh1 Bf7 19. Qe2 Bc7 20. f4 a5 21. Nf3 Bh5 22. h3 Rae8 23. g4 Bf7 24. g5 Qe6 25. f5 Qc4 26. Qxc4 Bxc4 27. Rf2 d5 28. gxf6 Rxf6 29. exd5 cxd5 30. Rxe8+ Kf7 31. Rfe2 Bd6 32. R8e6 Bxe2 33. Rxe2 Rxf5 34. Nd4 Re5 35. Rxe5 Bxe5 36. Nc6 Ke6 37. Nxa5 Bxc3 38. bxc3 Kd6 39. Kg2 Kc5 40. Nb3+ Kc4 41. Kf3 Kxc3 42. Kf4 d4 43. Nc1 d3 44. Nxd3 Kxd3 45. a3 Kc4 46. Kf5 Kb3 47. Ke6 Kxa3 48. Kf7 g6 49. Kg7 g5 50. Kxh7 Kb4 51. Kh6 Kc5 52. Kxg5 Kd6 53. h4 Ke7 54. h5 Kf7 55. Kh6 Kg8 56. Kg6 Kh8 57. h6 Kg8 58. Kh5 Kh8 59. Kg6 Kg8 60. Kf6 Kh8 61. Kf7 Kh7 1/2-1/2